Problémamegoldás a matematikában
Elmentve itt :
| Szerző: | |
|---|---|
| Dokumentumtípus: | Cikk |
| Megjelent: |
1993
|
| Sorozat: | Iskolakultúra
3 No. 19 |
| Kulcsszavak: | Matematika, Problémamegoldás - matematikai |
| Online Access: | http://misc.bibl.u-szeged.hu/43881 |
| LEADER | 00608nab a2200181 i 4500 | ||
|---|---|---|---|
| 001 | misc43881 | ||
| 005 | 20191106141235.0 | ||
| 008 | 180910s1993 hu o 0|| zxx d | ||
| 022 | |a 1215-5233 | ||
| 040 | |a SZTE Miscellanea Repozitórium |b hun | ||
| 041 | |a zxx | ||
| 100 | 1 | |a Mohay Péter | |
| 245 | 1 | 0 | |a Problémamegoldás a matematikában |h [elektronikus dokumentum] / |c Mohay Péter |
| 260 | |c 1993 | ||
| 300 | |a 18-22 | ||
| 490 | 0 | |a Iskolakultúra |v 3 No. 19 | |
| 695 | |a Matematika, Problémamegoldás - matematikai | ||
| 856 | 4 | 0 | |u http://misc.bibl.u-szeged.hu/43881/1/iskolakultura_1993_019_018-022.pdf |z Dokumentum-elérés |